| 000 | 00397nam a22001577a 4500 | ||
|---|---|---|---|
| 005 | 20240305122859.0 | ||
| 008 | 240305b ||||| |||| 00| 0 eng d | ||
| 040 | _cAL | ||
| 041 | _akan | ||
| 082 |
_223 _aK494.3 _bKITK |
||
| 100 |
_aF Kittel _9152894 |
||
| 245 | _aKannada English Dictionary | ||
| 650 |
_aKannada English Dictionary _9152895 |
||
| 700 |
_aKITTEL (F) _9152896 |
||
| 942 |
_2ddc _cBK |
||
| 999 |
_c230041 _d230041 |
||